| 000 | 00000nam 2200000za 4500 |
| 001 | 9.840800 |
| 003 | CaOODSP |
| 005 | 20221107151930 |
| 007 | cr ||||||||||| |
| 008 | 170801s2010 onc |o f|0| 0 fre d |
| 040 | |aCaOODSP|bfre |
| 043 | |an-cn--- |
| 086 | 1 |aCS11-616/2010-2F-PDF |
| 100 | 1 |aLevesque, Amélie. |
| 245 | 10|aLimite du nombre d'appels pour les enquêtes longitudinales |h[ressource électronique] / |cAmélie Lévesque, Ann Lim et Qiong Wang. |
| 260 | |a[Ottawa] : |bStatistique Canada, |c2010. |
| 300 | |a33 p. |
| 490 | 1 |aCahier de travail (Statistique Canada. Direction de la méthodologie) ; |v2010-2 |
| 500 | |aÉdition numérisée de l'imprimé [par Statistique Canada]. |
| 500 | |a« DMEM-2010-002F. » |
| 500 | |a« Septembre 2010. » |
| 504 | |aComprend des références bibliographiques. |
| 520 | 3 |a« Dans un effort pour réduire les coûts et le fardeau du répondant, Statistique Canada à adopté en 2005 une limite du nombre d'appels, soit 25, pour les enquêtes sociales qui utilisent l'interview téléphonique assistée par ordinateur pour la collecte des données »--Résumé. |
| 692 | 07|2gccst|aMéthodologie |
| 692 | 07|2gccst|aAnalyse statistique |
| 692 | 07|2gccst|aSondage |
| 700 | 1 |aLim, Ann. |
| 700 | 1 |aWang, Qiong. |
| 710 | 1 |aCanada. |bStatistique Canada. |bDirection de la méthodologie. |
| 830 | #0|aCahier de travail (Statistique Canada. Direction de la méthodologie)|v2010-2|w(CaOODSP)9.834767 |
| 856 | 40|qPDF|s4.57 Mo|uhttps://publications.gc.ca/collections/collection_2017/statcan/11-613/CS11-616-2010-2-fra.pdf |
| 986 | |a11-616F no. 2010-002 |